000 01112nam a22002657a 4500
003 PE SENCICO BE
005 20251020182647.0
008 231127b |||||||| |||| 00| 0 eng d
040 _aPE SENCICO BE
_cPE SENCICO BE
041 _aspa
084 _aI
_aDIS
_a2017
_bL29
100 1 _91814
_aLaura Ccahuantico, Cristina Haydee
_eautor
245 1 _aLa organización de la forma en el espacio de venta /
_cCristina Haydee Laura Ccahuantico
260 _aLima :
_c2017
300 _a2 v. :
_bil. col. ;
_c30 cm.
500 _aTexto en dos volúmenes. El volumen 2 contiene planos (30 x 40 cm.).
502 _aMonografía de Titulación.-- Servicio Nacional de Capacitación para la Industria de la Construcción. Escuela Superior Técnica. Carrera Profesional Técnica en Diseño de Interiores, 2017
650 1 0 _9760
_aEspacios públicos
650 2 0 _91424
_aArquitectura estética
650 2 0 _9453
_aPerspectiva
650 2 0 _9615
_aPlanos
710 1 _aServicio Nacional de Capacitación para la Industria de la Construcción.
_bEscuela Superior Técnica
_91065
910 _bhfp
_chfp
942 _cMON
999 _c4462
_d4462